| 000 | 00540nam a2200193 a 4500 | ||
|---|---|---|---|
| 001 | 6725 | ||
| 003 | CO-ViMGA | ||
| 008 | 141112s2004 ck r 000 u spa d | ||
| 040 |
_aCO-ViMGA _bspa _cCO-ViMGA |
||
| 082 | 0 | 4 | _aCo861.5 J673 |
| 245 | 1 | 0 |
_aJorge Isaacs : _bselección de coplas |
| 260 |
_aSantafé de Bogotá : _bPanAméricana, _c1997 |
||
| 300 | _a45 p : il | ||
| 490 | _aCuadernillos de poesía | ||
| 590 | _aEjemplares : 2 | ||
| 650 | 1 | 4 |
_aIsaacs, Jorge 1837 - 1895 _95641 |
| 650 | 1 | 4 |
_aPOESIA COLOMBIANA _91069 |
| 942 |
_2ddc _cBK |
||
| 999 |
_c18694 _d18694 |
||